| 000 | 00358nam a2200133Ia 4500 | ||
|---|---|---|---|
| 008 | 240624s9999 xx 000 0 und d | ||
| 041 | _aeng | ||
| 082 | _a658.407124 MOH | ||
| 100 | _aMOHAPATRA PRADIPTA K | ||
| 245 | _aARE YOU READY FOR THE CORNER OFFICE INSI | ||
| 260 |
_c2014 _aNew Delhi _bSage |
||
| 300 | _axvii, : 283 : p. : cm. ; 23 | ||
| 365 |
_cRS _b38 |
||
| 999 |
_c27523 _d27523 |
||